państwa bez litery a ,ale z literą i. - Statystyki

Ogólne statystyki
  • Ten quiz został rozwiązany 381 razy
  • Średni wynik to 8 z 15
Statystyki odpowiedzi
liczba państwa % Poprawnych
5. chiny
74%
10. indie
74%
4. chile
69%
8. fidżi
63%
12. niemcy
63%
1. belize
59%
9. filipiny
59%
6. dżibuti
58%
7. egipt
58%
13. niger
58%
2. brunei
52%
3. burundi
52%
15. wybrzeże kości słoniowej
43%
14. timor wschodni
41%
11. liechtensteint
16%
Nie znaleziono quizów pasujących do podanych kryteriów
Rozkład punktacji
Procent ludzi z każdym wynikiem
Percentyl według liczby udzielonych odpowiedzi
Twoja historia wyników
Nie rozwiązałeś tego quizu